Normal view
MARC view
- Āzād, Muḥammad Ḥusain,
Entry Personal Name
001 - CONTROL NUMBER
- control field: 3615
003 - CONTROL NUMBER IDENTIFIER
- control field: NUST
005 - DATE AND TIME OF LATEST TRANSACTION
- control field: 20170727134115.0
008 - FIXED-LENGTH DATA ELEMENTS
- fixed length control field: 170727|| aca||aabn | a|a d
040 ## - CATALOGING SOURCE
- Original cataloging agency: NUST
- Transcribing agency: NUST
100 ## - HEADING--PERSONAL NAME
- Personal name: Āzād, Muḥammad Ḥusain,
- Dates associated with a name: approximately 1834-1910
- General subdivision: Criticism and interpretation.
670 ## - SOURCE DATA FOUND
- Source citation: Work cat.: (NUST)0: 880-01 Āzād, Muḥammad Ḥusain, approximately 1834-1910. 3614, Nigāristān-i Āzād /, 2010.
